000 01808nam0a2200349 i 4500
001 RU\NLR\bibl\2023562
005 20241103091353.0
010 _a9785160063003
_9500
021 _aRU
_b2013-22586
_91584
035 _a(NLR Aleph) 002011702
090 _a4461840
_c4461840
100 _a20130412d2013 u y0rusy50 ca
101 0 _arus
102 _aRU
105 _aa |||||||||
200 1 _aПсихология и педагогика
_eучебное пособие
_eдля студентов высших учебных заведений, обучающихся по направлениям "Гуманитарные науки", "Экономика и управление", "Сфера обслуживания" и "Социальные науки"
_eсоответствует Федеральному государственному образовательному стандарту 3-го поколения
_fО.В. Пастюк
210 _aМосква
_cИНФРА-М
_d2013
215 _a159, [1] с.
_cсхем.
_d22
225 1 _aВысшее образование - Бакалавриат
225 1 _aБакалавриат
320 _aБиблиогр.: с. 156-158 и в подстроч. примеч.
606 _aПсихология
_jУчебные издания для высших учебных заведений
_9931820
_3RU\NLR\auth\6624683
606 _aПедагогика
_jУчебные издания для высших учебных заведений
_9921924
_3RU\NLR\auth\6619222
686 _aЮ93я73
686 _aЧ30я73
700 1 _aПастюк
_bО. В.
_gОльга Владимировна
_4070
801 0 _aRU
_bNLR
_c20130412
_gRCR
801 1 _aRU
_bNLR
_c20130412
830 _aпо эк
942 _cBOOK
980 _aNBR